Estadísticas para Países más cercanos a Japón

Haz click aquí para intentar la prueba.

Estadísticas generales

  • Esta prueba ha sido intentada 92 veces
  • La puntuación promedio es 17 de 20

Estadísticas de respuestas

kmpaís% Correcto
331China
100%
420Corea del Norte
100%
50Corea del Sur
99%
43Rusia
97%
2192Indonesia
95%
568Filipinas
94%
107Taiwán
92%
1558Vietnam
92%
1984Malasia
91%
1864Laos
88%
1640Mongolia
88%
2041Tailandia
86%
2578India
81%
1943Camboya
79%
2195Estados Unidos
79%
3073Bangladés
72%
2309Brunéi
72%
2251Myanmar
72%
2136Micronesia
60%
2128Palaos
59%

Distribución de puntuación

Porcentaje por número respondido

Porcentaje de gente con cada puntuación

Historial de tus puntuaciones

No has intentado esta prueba.